[Event "Detroit op1"]
[Site "Detroit"]
[Date "2003.05.17"]
[Round "2"]
[White "Gadson, Joseph"]
[Black "Venkatasubba, Krishna"]
[Result "1-0"]
[WhiteElo "1793"]
[BlackElo "1650"]
[PlyCount "47"]
[EventDate "2003.05.17"]
[EventType "swiss"]
[EventRounds "5"]
[EventCountry "USA"]
[SourceTitle "EXT 2007"]
[Source "ChessBase"]
[SourceDate "2006.11.23"]
[SourceVersion "1"]
[SourceVersionDate "2006.11.23"]
[SourceQuality "1"]

1. e4 c5 2. Nf3 d6 3. d4 cxd4 4. Nxd4 Nf6 5. Nc3 a6 6. f4 Qc7 7. Be2 e6 8. Be3 Be7 9. 0-0 b5 10. e5 dxe5 11. fxe5 Nfd7 12. Bh5 0-0 13. Qf3 Bb7 14. Bxf7+ Kh8 15. Qh3 Qxe5 16. Nxe6 Rxf7 17. Rxf7 Bf6 18. Bd4 Qxd4+ 19. Nxd4 Bxd4+ 20. Kh1 Bc6 21. Qe6 h6 22. Raf1 Bc5 23. Rxg7 Kxg7 24. Rf7+ 1-0